Statistics for Guess the Disney Princess!

Click here to take the quiz!

General Stats

  • This quiz has been taken 218 times
  • The average score is 10 of 11

Answer Stats

HintsPrincess% Correct
under the seaAriel
100%
married to the beastBelle
99%
3 step sistersCinderella
99%
has long blonde hairRapunzel
98%
lives with 7 dwarvesSnow White
98%
has a pet tiger named RajahJasmine
96%
turned into a frogTiana
95%
sleeping beautyAurora
94%
mother turned into a bearMerida
92%
pretends to be a boy to fightMulan
92%
based on a true storyPocahontas
77%

Score Distribution

Percentile by Number Answered

Percent of People with Each Score

Your Score History

You have not taken this quiz